Manual de estudio de títulos de dominio de la propiedad inmobiliaria
Saved in:
| Hovedforfatter: | |
|---|---|
| Format: | Bog |
| Sprog: | spansk |
| Udgivet: |
Santiago
Jurídica de Chile
2006
|
| Udgivelse: | 2a. ed |
| Fag: | |
| Tags: |
Tilføj Tag
Ingen Tags, Vær først til at tagge denne postø!
|
MARC
| LEADER | 00000nam a2200000 a 4500 | ||
|---|---|---|---|
| 001 | UCI0109 | ||
| 003 | CL-VaPUC | ||
| 008 | 070420e20061000CL |||||||||||||||||spa|d | ||
| 020 | |a 9561017261 | ||
| 082 | 0 | 4 | |a 346.830438 |b FEL |2 21 |
| 100 | |a Feliú Segovia, Juan |e author |9 520220 | ||
| 245 | 1 | 0 | |a Manual de estudio de títulos de dominio de la propiedad inmobiliaria |
| 250 | |a 2a. ed | ||
| 300 | |a 123 p | ||
| 942 | |c BK | ||
| 945 | |d 20070420 00:00:00 |a lvergara | ||
| 260 | |a Santiago |b Jurídica de Chile |c 2006 | ||
| 650 | 0 | |a Bienes inmuebles |9 359521 | |
| 650 | 7 | |a TITULOS DE INMUEBLES |2 CL-VaPUC |9 469871 | |
| 651 | 7 | |a CHILE |2 CL-VaPUC |9 520221 | |
| 583 | |a last modification |c 20130304 02:56:00 |k Rodrigo Vera | ||
| 999 | |c 325397 |d 325395 | ||
| 952 | |0 0 |1 0 |4 0 |6 346_830438000000000_FEL_2006 |7 0 |8 A |9 406259 |a BIBDER |b BIBDER |d 2019-11-22 |i 433065K |o 346.830438 FEL 2006 |p 433065K |r 2023-01-25 |w 2019-11-22 |y BK |k DER | ||